Регионална библиотека "Любен Каравелов" - Русе

Slovenske drama (Запис номер 344256)

MARC детайли
000 -Лидер
Контролно поле с фиксирана дължина 00835nam a2200265 c 4500
003 - Код на организацията, давaща контролен номер
Контролно поле BLK
005 - Дата и час на последна редакция
Контролно поле 20190927140539.0
008 - Елементи от данни с фиксирана дължина
fixed length control field 180911b bul|||||r ||||||| ||bul||
010 ## - Наследен системен номер
LC control number 003921
040 ## - Източник на каталожния запис
Идентификатор на билиотеката - собственик на записа BLK
041 ## - Код за език
Код за езика на текст/звукозапис или на отделно заглавие Словенски
Код за езика КДБФ Български
080 ## - УДК
УДК - код + определител 886.3-2.09
100 1# - Редна дума - Автор
Автор WOLLMAN, Frank
Авторска отговорност първи автор
R(LIN) 397055
245 00 - Сведения за заглавието
Заглавие Slovenske drama
260 ## - Област на издателските данни
Място на издаване, разпространение и проч. Bratislava
Име на издателя, разпространителя и проч. Univ. Komenskeho
Година на издаване 1925
300 ## - Физическа характеристика
Страници 322 с
Размери/Мащаб 25 см
380 ## - Жанр
Жанр Литературознание
490 ## - СЕРИИ (Колекции)
Име на серия Частна колекция - Академик Михаил Арнаудов
Бележки за серията Дарение - Основен фонд
500 ## - Общи забележки
Забележка Extr. Spisy Filosoficke fak. Univ. Komenskeho: T. VI. - 1925. - Михаил Арнаудов: подпис
655 ## - Ключова дума – жанр/разновидност
Данни за жанр/разновидност или ключова дума за фокус Литературознание
852 ## - Местоположение
Форматна сигнатура МА 510
Фондова буква Фонд "Михаил Арнаудов"
999 ## - СИСТЕМНИ КОНТРОЛНИ НОМЕРА
Koha biblionumber 344256
Koha biblioitemnumber 344256
942 ## - АРТИКУЛИ
Вид на библиотечния материал Книги
Скрит в OPAC Не
Периодичен библиозапис Да
944 ## - СЪЗДАВАНЕ И РЕДАКЦИЯ на ЗАПИСА
Създаване/Редакция Създаване
Дата на регистрацията/редакция 1995
999 ## - СИСТЕМНИ КОНТРОЛНИ НОМЕРА
Koha biblioitemnumber 344256
Наличности
Код за отписване Код за изгубен артикул Източник на класификационната схема Код за повреда Коз за рестрикции Код за отдаване Артикулен № Име на библиотеката - собственик Име на библиотеката, в която се намира в момента Статус (Текущо местоположение) Местоположение - отдел Цена в лева Номерация (Хронология) Инвентарен номер Систематично азбучна сигнатура Баркод Номер на екземпляра Цена в евро Служебен тип на артикула
  Не е изгубен Universal Decimal Classification Не е повреден без рестрикции ползва се в читалня 744632 Регионална библиотека "Любен Каравелов" Русе Регионална библиотека "Любен Каравелов" Русе Фонд "Михаил Арнаудов" Фонд "Михаил Арнаудов" 20.00   587634 МА 510 120000587634 1 10.23 Книги
Vip Innovations Ltd, Rousse, Bulgaria 2025